| 000 | 00346 a2200109 4500 | ||
|---|---|---|---|
| 001 | ART_26486 | ||
| 005 | 20260410161933.0 | ||
| 008 | 260409a | ||
| 245 | 1 | 0 | _aPosibles fuentes de financiamiento interno para la industrialización |
| 100 | 1 | _aReichardt, Manfred | |
| 773 | 0 |
_tInforme _g- Año III, Nº 22 (abr. 1971) _wREV23765 |
|
| 999 |
_c28794 _d28794 |
||